000
00248nam a2200097Ia 4500
008
120527s9999 xx 000 0 und d
100
_a
WAYLAND, Good
245
_a
Brazil.A study of anEconomically developed country
260
_b
Wayland
942
_c
BK
999
_c
25644
_d
25644